[Event "Frankfurt Ch 2009"]
[Site "Ffm-Kalbach, LAZ"]
[Date "2009.06.23"]
[Round "6.2"]
[White "Kaliski, Erwin"]
[Black "Dubiel, Jacek"]
[Result "0-1"]
[WhiteElo "2231"]
[BlackElo "2397"]
[PlyCount "90"]
[EventDate "2009.??.??"]
[WhiteTeam "SC Bad Nauheim"]
[BlackTeam "vereinslos"]

1. e4 c5 2. c3 Nf6 3. e5 Nd5 4. d4 cxd4 5. cxd4 e6 6. Nc3 Nxc3 7. bxc3 d6 8.
Nf3 Qc7 9. Bd2 Nd7 10. exd6 Bxd6 11. Bd3 b6 12. O-O Bb7 13. Re1 O-O 14. h3 Rad8
15. Rc1 h6 16. Bb1 Ba3 17. Qc2 f5 18. Qb3 Bxc1 19. Qxe6+ Rf7 20. Bxc1 Bxf3 21.
gxf3 Qxc3 22. a4 Nf8 23. Qe2 Rf6 24. Bb2 Qb4 25. d5 Rg6+ 26. Kh1 Qh4 27. Bxf5
Rxd5 28. Qe4 Qxe4 29. fxe4 Rd2 30. Bxg6 Nxg6 31. Bc3 Rxf2 32. Rd1 Rf3 33. Rd8+
Kh7 34. Rc8 Rxh3+ 35. Kg2 Nf4+ 36. Kf2 g5 37. Bd4 Ne6 38. Be3 g4 39. Re8 Rf3+
40. Ke2 Nf4+ 41. Kd2 g3 42. a5 g2 43. axb6 Rxe3 44. Kxe3 g1=Q+ 45. Kxf4 Qg5+
0-1

[Event "Frankfurt Ch 2009"]
[Site "Ffm-Kalbach, LAZ"]
[Date "2009.06.22"]
[Round "6.3"]
[White "Sadeghi, Behrang"]
[Black "Schramm, Christian"]
[Result "1/2-1/2"]
[WhiteElo "2283"]
[BlackElo "2307"]
[PlyCount "46"]
[EventDate "2009.??.??"]
[WhiteTeam "Sfr.1891 Friedberg"]
[BlackTeam "SC 1959 Obernau"]

1. e4 g6 2. Nc3 Bg7 3. d4 a6 4. Be3 d6 5. Qd2 Nd7 6. a4 b6 7. Bc4 Bb7 8. f3 e6
9. Nge2 h6 10. Bb3 Ne7 11. Rd1 d5 12. O-O Nf6 13. Ng3 Qd7 14. e5 Nfg8 15. Nce2
Nc6 16. Ba2 Bf8 17. c3 a5 18. Bb1 Ba6 19. Rfe1 Nb8 20. Bc2 Ne7 21. Nf4 h5 22.
h4 Qc8 23. Nh3 Nbc6 1/2-1/2

[Event "Frankfurt Ch 2009"]
[Site "Ffm-Kalbach, LAZ"]
[Date "2009.06.22"]
[Round "6.4"]
[White "Uwira, Oliver"]
[Black "Telljohann, Sven"]
[Result "1-0"]
[WhiteElo "2286"]
[BlackElo "2415"]
[PlyCount "79"]
[EventDate "2009.??.??"]
[WhiteTeam "SC 1961 König Nied"]
[BlackTeam "Sfr. Schöneck"]

1. d4 Nf6 2. c4 e5 3. dxe5 Ng4 4. Bf4 Nc6 5. Nf3 Bb4+ 6. Nbd2 Qe7 7. a3 Ngxe5
8. Nxe5 Nxe5 9. e3 Bxd2+ 10. Qxd2 d6 11. Be2 a5 12. b3 Bd7 13. O-O Bc6 14. Qc3
O-O 15. b4 Rfe8 16. Rfd1 Nd7 17. c5 axb4 18. axb4 Rxa1 19. Rxa1 dxc5 20. b5 Bd5
21. Bxc7 Nf6 22. b6 Ne4 23. Qb2 Bc6 24. Bb5 Qd7 25. Bxc6 Qxc6 26. Rc1 Ng5 27.
h4 Ne6 28. Qe5 Nxc7 29. Qxc7 Rc8 30. Rd1 g6 31. Qd7 c4 32. Rd6 Qc5 33. Rf6 Rf8
34. Qxb7 c3 35. Rc6 Qb4 36. Qc7 Ra8 37. Rc4 Qb2 38. b7 Ra1+ 39. Kh2 Rb1 40.
Qb8+ 1-0

[Event "Frankfurt Ch 2009"]
[Site "Ffm-Kalbach, LAZ"]
[Date "2009.06.22"]
[Round "6.5"]
[White "Reschke, Stefan"]
[Black "Henrich, Thomas"]
[Result "1-0"]
[WhiteElo "2375"]
[BlackElo "2209"]
[PlyCount "83"]
[EventDate "2009.??.??"]
[WhiteTeam "VSG 1880 Offenbach"]
[BlackTeam "SK 1858 Gießen"]

1. c4 e6 2. Nf3 c5 3. g3 d5 4. Bg2 Nc6 5. O-O Nf6 6. b3 Be7 7. Bb2 O-O 8. e3 b6
9. Qe2 Ba6 10. Nc3 dxc4 11. bxc4 Qc7 12. Nb5 Qd7 13. Rfd1 Rad8 14. d4 cxd4 15.
Nfxd4 Nxd4 16. Rxd4 Qc8 17. Nxa7 Qc5 18. Nc6 Rc8 19. Nxe7+ Qxe7 20. Rc1 e5 21.
Rd2 Qe6 22. Qd1 Bxc4 23. Rd6 Qf5 24. Rxb6 Bxa2 25. Rxc8 Rxc8 26. Rb5 Ng4 27.
Bf3 h5 28. e4 Qg6 29. h3 Bc4 30. Rb4 Nf6 31. Bxe5 Be6 32. Bg2 h4 33. g4 Bxg4
34. hxg4 Nxg4 35. Rb8 Rxb8 36. Bxb8 Qg5 37. Qf3 Qc1+ 38. Bf1 Nf6 39. Bf4 Qc6
40. Bg2 Nh7 41. Qg4 Qc5 42. Qxh4 1-0

[Event "Frankfurt Ch 2009"]
[Site "Ffm-Kalbach, LAZ"]
[Date "2009.06.22"]
[Round "6.6"]
[White "Zude, Erik"]
[Black "Reschke, Thomas"]
[Result "1-0"]
[WhiteElo "2377"]
[BlackElo "2222"]
[PlyCount "47"]
[EventDate "2009.??.??"]
[WhiteTeam "SV 1920 Hofheim"]
[BlackTeam "SC Frankfurt-West"]

1. d4 g6 2. e4 Bg7 3. Nc3 c6 4. Nf3 d5 5. h3 Nh6 6. Bd3 O-O 7. Qe2 dxe4 8. Nxe4
Nf5 9. c3 Nd6 10. Ng3 Nd7 11. O-O b6 12. Re1 Re8 13. Bf4 Bb7 14. Rad1 Nf8 15.
Bc2 Ne6 16. Bc1 Qc8 17. Ne5 Nf8 18. h4 Nd7 19. h5 c5 20. hxg6 hxg6 21. Nxg6
fxg6 22. Qe6+ Nf7 23. Bxg6 Rf8 24. Nf5 1-0

[Event "Frankfurt Ch 2009"]
[Site "Ffm-Kalbach, LAZ"]
[Date "2009.06.22"]
[Round "6.7"]
[White "Klundt, Klaus"]
[Black "Drill, Frank"]
[Result "1/2-1/2"]
[WhiteElo "2347"]
[BlackElo "2133"]
[PlyCount "65"]
[EventDate "2009.??.??"]
[WhiteTeam "SF Burgsinn"]
[BlackTeam "Sfr.Neuberg"]

1. e4 e5 2. Nf3 d6 3. d4 exd4 4. Nxd4 Nf6 5. Nc3 Be7 6. g3 d5 7. e5 Ng4 8. Bg2
c6 9. O-O Nxe5 10. Re1 Ng6 11. h4 O-O 12. h5 Nh8 13. h6 Bf6 14. hxg7 Bxg7 15.
Qd3 Qf6 16. Be3 Ng6 17. Nf3 Bg4 18. Bd4 Qf5 19. Qxf5 Bxf5 20. Bxg7 Kxg7 21. Nd4
Bd7 22. f4 f6 23. Kh2 Na6 24. Bh3 Rfd8 25. Re2 Nc7 26. Rae1 Kf7 27. Na4 Na6 28.
a3 c5 29. Bxd7 Rxd7 30. Nf5 b6 31. Nh6+ Kg7 32. Nf5+ Kf7 33. Nh6+ 1/2-1/2

[Event "Frankfurt Ch 2009"]
[Site "Ffm-Kalbach, LAZ"]
[Date "2009.06.23"]
[Round "6.8"]
[White "Janotta, Steffi"]
[Black "Solonar, Stefan"]
[Result "0-1"]
[WhiteElo "2027"]
[BlackElo "2371"]
[PlyCount "88"]
[EventDate "2009.??.??"]
[WhiteTeam "SC Heusenstamm"]
[BlackTeam "SC Heusenstamm"]

1. e4 c5 2. Nf3 e6 3. d4 cxd4 4. Nxd4 a6 5. a4 Nf6 6. Bd3 Qc7 7. O-O Bc5 8. Nb3
Ba7 9. Qe2 Nc6 10. Be3 Bxe3 11. Qxe3 b6 12. Nc3 Bb7 13. Nd2 Ne5 14. h3 d6 15.
Ne2 O-O 16. Rfd1 d5 17. f4 dxe4 18. Nxe4 Nd5 19. Qg3 Nxd3 20. cxd3 Rac8 21.
Rac1 Qe7 22. N2c3 Rfd8 23. Ng5 Qf6 24. Nxd5 Bxd5 25. Qf2 e5 26. Rxc8 Rxc8 27.
Qh4 h6 28. Qg4 Rc2 29. Nf3 exf4 30. b4 Be6 31. Qh5 Qb2 32. Ne1 Rd2 33. Rxd2
Qxd2 34. Qe5 Qxb4 35. Nf3 Qc5+ 36. Kf1 Qxe5 37. Nxe5 Kf8 38. Ke2 Ke7 39. Kd2
Bd5 40. d4 Bxg2 41. h4 g5 42. hxg5 hxg5 43. Kd3 f6 44. Ng4 Bc6 0-1

[Event "Frankfurt Ch 2009"]
[Site "Ffm-Kalbach, LAZ"]
[Date "2009.06.22"]
[Round "6.9"]
[White "Isserman, Ryhor"]
[Black "Richter, Tobias"]
[Result "1/2-1/2"]
[WhiteElo "2266"]
[BlackElo "2099"]
[PlyCount "78"]
[EventDate "2009.??.??"]
[WhiteTeam "SK Bad Homburg 1927"]
[BlackTeam "SV Merseburg e. V."]

1. e4 e5 2. Nf3 Nc6 3. Bc4 Nf6 4. d3 d6 5. Ng5 d5 6. exd5 b5 7. Bxb5 Qxd5 8.
Bxc6+ Qxc6 9. Qf3 Bb7 10. Qxc6+ Bxc6 11. f3 Rb8 12. Nc3 Nd5 13. Nxd5 Bxd5 14.
b3 f5 15. Nh3 Rb6 16. Be3 Bb4+ 17. Kf2 Ra6 18. c4 Bb7 19. a3 Bxa3 20. f4 exf4
21. Nxf4 Kf7 22. Ra2 g5 23. Ne2 Re8 24. Rha1 Rae6 25. Bxa7 Bd6 26. Nd4 Re5 27.
Nb5 f4 28. Bd4 R5e6 29. c5 Bc6 30. cxd6 Bxb5 31. dxc7 Rc6 32. Ra7 Kg6 33. Rb7
Rc2+ 34. Kg1 Bc6 35. Rb6 Rxg2+ 36. Kf1 Rc2 37. Raa6 Rc1+ 38. Kf2 Rc2+ 39. Kf1
Rc1+ 1/2-1/2

[Event "Frankfurt Ch 2009"]
[Site "Ffm-Kalbach, LAZ"]
[Date "2009.06.22"]
[Round "6.10"]
[White "Rapoport, Vladimir"]
[Black "Göbel, Andreas"]
[Result "1-0"]
[WhiteElo "2296"]
[BlackElo "2047"]
[PlyCount "79"]
[EventDate "2009.??.??"]
[WhiteTeam "SC Heusenstamm"]
[BlackTeam "SC Brett vor'm Kopp Ffm"]

1. Nf3 c5 2. g3 Nf6 3. Bg2 g6 4. O-O Bg7 5. d3 O-O 6. e4 d6 7. Re1 Nc6 8. c3
Bg4 9. h3 Bd7 10. d4 Qc8 11. d5 Ne5 12. Nxe5 dxe5 13. Kh2 Ne8 14. Be3 Nd6 15.
Nd2 b6 16. Qe2 Qe8 17. g4 f5 18. f3 f4 19. Bf2 g5 20. h4 h6 21. h5 Qc8 22. a4
Qc7 23. Bf1 Rfc8 24. Nc4 Bf6 25. Rec1 Qb7 26. a5 b5 27. a6 Qc7 28. Na5 Rab8 29.
b4 c4 30. Bc5 Kf7 31. Rd1 Ke8 32. Ra2 Bg7 33. Rda1 Bf6 34. Qf2 Ra8 35. Nb7 Nxb7
36. axb7 Qxb7 37. Rxa7 Rxa7 38. Rxa7 Qb8 39. Qa2 Kf7 40. Rxd7 1-0

[Event "Frankfurt Ch 2009"]
[Site "Ffm-Kalbach, LAZ"]
[Date "2009.06.22"]
[Round "6.11"]
[White "Koch, Markus"]
[Black "Prudlo, Simon"]
[Result "0-1"]
[WhiteElo "2008"]
[BlackElo "2238"]
[PlyCount "52"]
[EventDate "2009.??.??"]
[WhiteTeam "SC Brett vor'm Kopp Ffm"]
[BlackTeam "vereinslos"]

1. e4 e6 2. d4 d5 3. Nc3 Nf6 4. e5 Nfd7 5. f4 c5 6. Nf3 Nc6 7. Be3 cxd4 8. Nxd4
Bc5 9. Qd2 O-O 10. O-O-O a6 11. Qf2 Bxd4 12. Bxd4 b5 13. Bd3 b4 14. Ne2 a5 15.
Kb1 Ba6 16. g4 a4 17. g5 Qc7 18. Qh4 Bxd3 19. Rxd3 Nxd4 20. Nxd4 Rfc8 21. f5
exf5 22. Re1 Ra6 23. Qf2 g6 24. h4 Nc5 25. Rh3 Ne4 26. Qe2 Rb6 0-1

[Event "Frankfurt Ch 2009"]
[Site "Ffm-Kalbach, LAZ"]
[Date "2009.06.22"]
[Round "6.12"]
[White "Schwenkreis, Thomas"]
[Black "Klyszcz, Michael"]
[Result "1-0"]
[WhiteElo "2041"]
[BlackElo "2056"]
[PlyCount "51"]
[EventDate "2009.??.??"]
[WhiteTeam "SV Oberursel"]
[BlackTeam "SC Heusenstamm"]

1. e4 e6 2. d4 d5 3. e5 c5 4. c3 Nc6 5. Nf3 Qb6 6. a3 a5 7. b3 Nh6 8. Bxh6 gxh6
9. Be2 Rg8 10. O-O Bd7 11. Ra2 cxd4 12. cxd4 Rc8 13. Qd3 Rg4 14. Rd2 Na7 15.
Rc2 Rxc2 16. Qxc2 Bb5 17. Bxb5+ Qxb5 18. h3 Rg6 19. Qc7 Nc6 20. Qc8+ Nd8 21.
Rc1 Qd7 22. Qa8 a4 23. bxa4 Be7 24. Rc8 Rg8 25. Nc3 Bxa3 26. Nb5 1-0

[Event "Frankfurt Ch 2009"]
[Site "Ffm-Kalbach, LAZ"]
[Date "2009.06.22"]
[Round "6.13"]
[White "Kreiling, Carsten"]
[Black "Diaz, Joaquin"]
[Result "0-1"]
[WhiteElo "2114"]
[BlackElo "2162"]
[PlyCount "74"]
[EventDate "2009.??.??"]
[WhiteTeam "SVG Eppstein 1932"]
[BlackTeam "SV Griesheim(DA)"]

1. d4 d5 2. c4 c6 3. cxd5 cxd5 4. Nc3 Nf6 5. Bf4 Bf5 6. e3 Qb6 7. Bd3 Bxd3 8.
Qxd3 e6 9. Nf3 Be7 10. Nb5 Bb4+ 11. Ke2 Na6 12. Rhc1 O-O 13. a3 Rac8 14. Ne5
Be7 15. Kf1 Nb8 16. b4 Nc6 17. Nxc6 Rxc6 18. Rxc6 bxc6 19. Nc3 a5 20. Na4 Qa7
21. b5 cxb5 22. Qxb5 Rc8 23. Nb6 Rc3 24. a4 Rc2 25. Rb1 Bb4 26. Be5 Qe7 27.
Bxf6 gxf6 28. Nd7 Kg7 29. Nb8 Qc7 30. g3 Ra2 31. Kg2 Qc2 32. Rf1 Be1 33. Kh3
Bxf2 34. Nd7 Qf5+ 35. Kh4 Qg5+ 36. Kh3 Qh5+ 37. Kg2 Bxe3+ 0-1

[Event "Frankfurt Ch 2009"]
[Site "Ffm-Kalbach, LAZ"]
[Date "2009.06.22"]
[Round "6.14"]
[White "Marzahn, Heiko"]
[Black "Kosak, Michael"]
[Result "0-1"]
[WhiteElo "1985"]
[BlackElo "2128"]
[PlyCount "68"]
[EventDate "2009.??.??"]
[WhiteTeam "Sfr.Erbach"]
[BlackTeam "SK 1858 Gießen"]

1. e4 c5 2. Nf3 e6 3. d4 cxd4 4. Nxd4 Nc6 5. Nc3 Qc7 6. f4 a6 7. Nxc6 bxc6 8.
Bd3 Bc5 9. Qe2 Rb8 10. e5 f5 11. Bxa6 Bxa6 12. Qxa6 Ne7 13. Bd2 Ba7 14. Nd1 Ra8
15. Qe2 O-O 16. Be3 Nd5 17. Bxa7 Qxa7 18. Rf1 Rfb8 19. a3 Qb6 20. Rc1 Qa5+ 21.
Qd2 Qd8 22. g3 Ra4 23. Rf2 Re4+ 24. Kf1 Qb6 25. c4 Rd4 26. Qe1 Ne7 27. Rd2 c5
28. Rxd4 cxd4 29. Qd2 Qb7 30. Kg1 Qe4 31. b4 Ra8 32. Qb2 d3 33. Nf2 Qe3 34. Rd1
Qe2 0-1

[Event "Frankfurt Ch 2009"]
[Site "Ffm-Kalbach, LAZ"]
[Date "2009.06.22"]
[Round "6.15"]
[White "Fischer, Ulrich"]
[Black "Holzschuh, Gerald"]
[Result "0-1"]
[WhiteElo "1672"]
[BlackElo "2150"]
[PlyCount "86"]
[EventDate "2009.??.??"]
[WhiteTeam "Frankfurter TV 1860"]
[BlackTeam "SC Bad Nauheim"]

1. e4 d6 2. d4 Nf6 3. Nc3 g6 4. Be3 c6 5. Qd2 b5 6. Bd3 Nbd7 7. f3 Qa5 8. Nge2
a6 9. Nc1 Bb7 10. O-O c5 11. Nb3 Qc7 12. Be2 Bg7 13. Rac1 O-O 14. Bh6 Bxh6 15.
Qxh6 cxd4 16. Nb1 Qb6 17. Kh1 d5 18. e5 Nxe5 19. Qf4 Ned7 20. Qxd4 Qxd4 21.
Nxd4 e5 22. Nb3 Rac8 23. Nc3 Rc7 24. a3 d4 25. Nd1 Nd5 26. Re1 Nf4 27. Bf1 Rfc8
28. c3 Nd5 29. c4 bxc4 30. Na5 N5b6 31. Nxb7 Rxb7 32. b3 Rbc7 33. bxc4 Nxc4 34.
f4 f6 35. fxe5 fxe5 36. Nf2 Kg7 37. Ng4 Nxa3 38. Rxc7 Rxc7 39. Nxe5 Nc2 40. Re2
Ne3 41. Nxd7 Rxd7 42. Kg1 Rf7 43. Re1 Rxf1+ 0-1

[Event "Frankfurt Ch 2009"]
[Site "Ffm-Kalbach, LAZ"]
[Date "2009.06.22"]
[Round "6.16"]
[White "Escher, Helmut"]
[Black "Winter, Olaf"]
[Result "1-0"]
[WhiteElo "2127"]
[BlackElo "1674"]
[PlyCount "63"]
[EventDate "2009.??.??"]
[WhiteTeam "SV Oberursel"]
[BlackTeam "SK 1924 Pfungstadt"]

1. Nf3 c5 2. g3 e6 3. Bg2 Nc6 4. O-O g6 5. d4 cxd4 6. Nxd4 Bg7 7. c3 Nge7 8.
Nxc6 bxc6 9. Be3 d5 10. Nd2 O-O 11. Bc5 Re8 12. Qa4 Bd7 13. Rfe1 Nc8 14. Rab1
Nb6 15. Qc2 f5 16. b4 Qf6 17. Rbc1 e5 18. e3 Bh6 19. a4 f4 20. exf4 exf4 21. a5
Bf5 22. Qa2 Nd7 23. Bd4 Qd6 24. b5 Be6 25. bxc6 Nf8 26. Rcd1 Rad8 27. Bxa7 d4
28. c4 Qb4 29. Bb6 Bg4 30. Bxd8 Rxd8 31. Rb1 Qc3 32. Rb3 1-0

[Event "Frankfurt Ch 2009"]
[Site "Ffm-Kalbach, LAZ"]
[Date "2009.06.22"]
[Round "6.17"]
[White "Faqiry, Ramat"]
[Black "Malek, Daniel"]
[Result "0-1"]
[WhiteElo "1974"]
[BlackElo "2313"]
[PlyCount "130"]
[EventDate "2009.??.??"]
[WhiteTeam "SK Bad Homburg 1927"]
[BlackTeam "SV Oberursel"]

1. d4 Nf6 2. c4 e6 3. Nc3 Bb4 4. a3 Bxc3+ 5. bxc3 b6 6. Bg5 Nc6 7. e3 Ba6 8.
Nf3 Na5 9. Nd2 h6 10. Bh4 Qe7 11. Bd3 O-O-O 12. O-O d6 13. Qe2 g5 14. Bg3 Kb8
15. Rab1 e5 16. e4 h5 17. h4 Nd7 18. hxg5 h4 19. Bh2 Qxg5 20. f4 Qg7 21. Nf3 f6
22. f5 Qf7 23. Nd2 Ka8 24. Rf3 Nb8 25. Kh1 Nbc6 26. d5 Nb8 27. Rh3 Nd7 28. Bg1
Rdg8 29. Nf1 Qe8 30. Nh2 Rg7 31. Nf3 Rgh7 32. Bf2 Nc5 33. Bxc5 dxc5 34. Ra1 Qa4
35. Nd2 Rg7 36. Qd1 Qe8 37. Qe2 Nb7 38. Nf3 Rgh7 39. Kh2 Nd6 40. a4 Nb7 41. Nd2
Na5 42. Ra3 Bc8 43. Nf3 Bd7 44. Qf2 Bxa4 45. Nxh4 Bd7 46. Ng6 Rxh3+ 47. gxh3
Rh7 48. h4 Nb7 49. Qf3 Nd6 50. h5 Qf7 51. Ra2 Qg7 52. Rg2 Qh6 53. Be2 Ba4 54.
Nh4 Bc2 55. Rg6 Qd2 56. Rxf6 Bd1 57. Qg2 Qxe2 58. Qxe2 Bxe2 59. h6 Nxe4 60. Rg6
Bh5 61. Re6 Nd6 62. Kg3 Kb7 63. Ng6 Nxf5+ 64. Kf2 Bxg6 65. Rxg6 Rxh6 0-1

[Event "Frankfurt Ch 2009"]
[Site "Ffm-Kalbach, LAZ"]
[Date "2009.06.22"]
[Round "6.18"]
[White "Brüggemann, Ludger"]
[Black "Krüger, Till"]
[Result "1-0"]
[WhiteElo "2211"]
[BlackElo "2063"]
[PlyCount "61"]
[EventDate "2009.??.??"]
[WhiteTeam "Sfr. Olfen 1975"]
[BlackTeam "SC Nidderau"]

1. e4 g6 2. d4 Bg7 3. g3 d6 4. Bg2 Nf6 5. Nc3 O-O 6. Nf3 c6 7. O-O b5 8. e5 Ne8
9. Re1 Qc7 10. Bg5 dxe5 11. dxe5 h6 12. Bf4 g5 13. Be3 b4 14. Na4 Nd7 15. Qd4
Nxe5 16. Nxe5 Bxe5 17. Qe4 Bd7 18. Bxg5 Bxg3 19. hxg3 hxg5 20. Qxe7 Rc8 21. Nc5
Bf5 22. Qxg5+ Ng7 23. Ne4 Bxe4 24. Bxe4 f5 25. Bd3 Qf7 26. Qh6 Nh5 27. b3 Qh7
28. Qg5+ Kh8 29. Re7 Rf7 30. Rxf7 Qxf7 31. Qh6+ 1-0

[Event "Frankfurt Ch 2009"]
[Site "Ffm-Kalbach, LAZ"]
[Date "2009.06.22"]
[Round "6.19"]
[White "Kulenovic, Adnan"]
[Black "Schreiner, Roland"]
[Result "0-1"]
[WhiteElo "1854"]
[BlackElo "2153"]
[PlyCount "80"]
[EventDate "2009.??.??"]
[WhiteTeam "SK Springer Rodenbach"]
[BlackTeam "SC Heusenstamm"]

1. d4 d5 2. e4 dxe4 3. Nc3 Nf6 4. f3 exf3 5. Qxf3 e6 6. Bd3 Nc6 7. Nge2 Nb4 8.
Bg5 Nxd3+ 9. Qxd3 Be7 10. O-O-O Nd5 11. Bd2 Bd7 12. Ne4 Bc6 13. N2g3 Nf6 14. c4
Nxe4 15. Nxe4 O-O 16. Bc3 f5 17. Ng3 Bg5+ 18. Kb1 Qd7 19. Qc2 b5 20. cxb5 Bxb5
21. Rhe1 Ba4 22. b3 Bc6 23. Re5 Bf4 24. Ree1 Bxg3 25. hxg3 Be4 26. Rxe4 fxe4
27. Qxe4 Qd5 28. Qxd5 exd5 29. Ba5 Rf2 30. Rc1 Rxg2 31. Bxc7 Rc8 32. b4 Kf7 33.
Rf1+ Ke6 34. Be5 Rcc2 35. a3 Rb2+ 36. Ka1 Ra2+ 37. Kb1 Rxa3 38. Bxg7 Raxg3 39.
Rf6+ Ke7 40. Bh8 Rg8 0-1

[Event "Frankfurt Ch 2009"]
[Site "Ffm-Kalbach, LAZ"]
[Date "2009.06.22"]
[Round "6.20"]
[White "Bagatsch, Thomas"]
[Black "Ganjian, Mehrdad"]
[Result "0-1"]
[WhiteElo "2123"]
[BlackElo "1834"]
[PlyCount "80"]
[EventDate "2009.??.??"]
[WhiteTeam "SC Brett vor'm Kopp Ffm"]
[BlackTeam "Sfr. Frankfurt 1921"]

1. e4 c6 2. d4 d5 3. exd5 cxd5 4. c4 Nf6 5. Nc3 Nc6 6. Nf3 e6 7. c5 Be7 8. Bg5
O-O 9. a3 Ne8 10. Bxe7 Qxe7 11. b4 a6 12. Bd3 f5 13. Qd2 Nf6 14. O-O Ne4 15.
Qb2 g5 16. Rad1 g4 17. Ne1 Qg7 18. Nc2 Ng5 19. Kh1 f4 20. Ne2 Qh6 21. Qc1 Qf6
22. Ne1 e5 23. f3 gxf3 24. Nxf3 e4 25. Nxg5 Qxg5 26. Bb1 Bg4 27. Qd2 e3 28. Qd3
Bf5 29. Qb3 Bxb1 30. Qxb1 Rf7 31. Rf3 Raf8 32. g3 Qg4 33. Kg2 Kh8 34. h3 Qg7
35. Qd3 fxg3 36. Rxg3 Rf2+ 37. Kg1 Qf7 38. Rg2 Rxg2+ 39. Kxg2 Rg8+ 40. Ng3 Qf2+
0-1

[Event "Frankfurt Ch 2009"]
[Site "Ffm-Kalbach, LAZ"]
[Date "2009.06.22"]
[Round "6.21"]
[White "Pauner, Jean-Marie"]
[Black "Czech, Ludwig"]
[Result "1/2-1/2"]
[WhiteElo "1843"]
[BlackElo "2085"]
[PlyCount "91"]
[EventDate "2009.??.??"]
[WhiteTeam "Sfr.1891 Friedberg"]
[BlackTeam "VSG 1880 Offenbach"]

1. d4 f5 2. g3 Nf6 3. Bg2 e6 4. Nf3 g6 5. O-O Bg7 6. c4 O-O 7. b4 Qe7 8. Ba3 d6
9. Nbd2 Nbd7 10. Qb3 Kh8 11. Rad1 e5 12. dxe5 Nxe5 13. Nxe5 Qxe5 14. e3 Ne4 15.
Nxe4 fxe4 16. Rd5 Qf6 17. Rd2 Bf5 18. Bb2 Qe7 19. Bxg7+ Kxg7 20. Qc2 h5 21. h4
Rad8 22. Qc3+ Qf6 23. Qd4 Qxd4 24. exd4 d5 25. c5 c6 26. Re1 Bg4 27. Re3 Rf7
28. a4 a6 29. Rb3 Bd7 30. f4 Ra8 31. Bf1 Re7 32. Kf2 Kf6 33. Ke3 Ra7 34. Rdb2
Be8 35. Be2 Bd7 36. a5 Ra8 37. Rb1 Rh8 38. Rh1 Reh7 39. Rbb1 Be6 40. Rbg1 Bf5
41. Rh2 Rh6 42. Rf2 R6h7 43. Ra1 Ra8 44. Rff1 Rh6 45. Rfb1 Rh7 46. Rg1 1/2-1/2

[Event "Frankfurt Ch 2009"]
[Site "Ffm-Kalbach, LAZ"]
[Date "2009.06.22"]
[Round "6.22"]
[White "Sarközy, Benjamin"]
[Black "Kabir, Razaul"]
[Result "0-1"]
[WhiteElo "1820"]
[BlackElo "2100"]
[PlyCount "68"]
[EventDate "2009.??.??"]
[WhiteTeam "SC 1933 Somborn"]
[BlackTeam "Sfr. Frankfurt 1921"]

1. d4 d5 2. Bf4 e6 3. Nf3 c5 4. e3 Qb6 5. Nc3 c4 6. Qd2 Nf6 7. Ne5 Bb4 8. f3
Nc6 9. g4 Nd7 10. O-O-O Qa5 11. Kb1 Ndxe5 12. Bxe5 Nxe5 13. dxe5 b5 14. Ka1 O-O
15. Bg2 Bc5 16. e4 d4 17. Ne2 c3 18. bxc3 dxc3 19. Qxc3 Bb4 20. Qb3 Ba6 21. Rd3
Rac8 22. Rhd1 Rc6 23. c3 Ba3 24. Nd4 Rc4 25. Nc2 Bc5 26. a3 Bxa3 27. Nxa3 b4
28. cxb4 Rxb4 29. Qc3 Bxd3 30. Rxd3 Rfb8 31. Ka2 Qb6 32. Rd2 Rb3 33. Qc1 Qb4
34. Rc2 Rxa3+ 0-1

[Event "Frankfurt Ch 2009"]
[Site "Ffm-Kalbach, LAZ"]
[Date "2009.06.22"]
[Round "6.23"]
[White "Schneider, Uwe"]
[Black "Tews, Artur"]
[Result "1-0"]
[WhiteElo "2010"]
[BlackElo "1729"]
[PlyCount "73"]
[EventDate "2009.??.??"]
[WhiteTeam "SV Kinzigtal"]
[BlackTeam "Bad Vilbeler Sfr.1985"]

1. Nf3 d5 2. g3 Nf6 3. Bg2 e6 4. O-O Be7 5. d4 O-O 6. c4 c6 7. Nc3 b6 8. cxd5
cxd5 9. Ne5 Bb7 10. Bf4 a6 11. Rc1 Nbd7 12. Nd3 Rc8 13. Re1 b5 14. b4 Qb6 15.
Nc5 Qa7 16. Qd3 Nb6 17. Rc2 Nc4 18. Bg5 Rfd8 19. Rd1 Bc6 20. Bc1 Bxc5 21. bxc5
b4 22. Nb1 Ba4 23. e4 Bxc2 24. Qxc2 Na5 25. Bg5 Rf8 26. Bxf6 gxf6 27. exd5 f5
28. Qd2 Qe7 29. Qxb4 Nb7 30. d6 Nxd6 31. cxd6 Qd7 32. Nd2 Rb8 33. Qa3 Rfd8 34.
Nc4 Qb5 35. Ne5 Rbc8 36. d7 Rc2 37. Qe7 1-0

[Event "Frankfurt Ch 2009"]
[Site "Ffm-Kalbach, LAZ"]
[Date "2009.06.22"]
[Round "6.24"]
[White "Djakow, Alexander"]
[Black "Rosa, Mike"]
[Result "0-1"]
[WhiteElo "1802"]
[BlackElo "2119"]
[PlyCount "40"]
[EventDate "2009.??.??"]
[WhiteTeam "SC Bad Nauheim"]
[BlackTeam "Chess Tigers SFV"]

1. d4 d5 2. c4 dxc4 3. e3 e5 4. Bxc4 exd4 5. Qb3 Qe7 6. Nf3 Qb4+ 7. Bd2 Qxb3 8.
Bxb3 dxe3 9. Bxe3 Bb4+ 10. Nbd2 Nf6 11. Rc1 c6 12. Bd4 O-O 13. Bxf6 Re8+ 14.
Be5 Nd7 15. Kd1 Bxd2 16. Kxd2 Nxe5 17. Ng5 Bf5 18. Rc3 h6 19. Nf3 Rad8+ 20. Kc1
Nd3+ 0-1

[Event "Frankfurt Ch 2009"]
[Site "Ffm-Kalbach, LAZ"]
[Date "2009.06.22"]
[Round "6.26"]
[White "Minor, Dieter"]
[Black "Benninger, Rudolf"]
[Result "1/2-1/2"]
[WhiteElo "1848"]
[BlackElo "2141"]
[PlyCount "107"]
[EventDate "2009.??.??"]
[WhiteTeam "SV Wiesbaden 1885"]
[BlackTeam "SC Heusenstamm"]

1. d4 g6 2. Nf3 Bg7 3. Bf4 d6 4. e3 Nf6 5. Bc4 O-O 6. O-O Nc6 7. a3 Bg4 8. Be2
Nh5 9. Bg3 Nxg3 10. hxg3 e5 11. dxe5 dxe5 12. c3 Qe7 13. Nxe5 Nxe5 14. Bxg4
Rfd8 15. Qe2 Rd6 16. Bf3 c5 17. Nd2 Rad8 18. Nb3 b6 19. Rad1 Qe6 20. Rxd6 Qxd6
21. Be4 a5 22. Bc2 Re8 23. Rd1 Qe6 24. Nd2 h5 25. Bb3 Qc6 26. Nf3 Qc7 27. Nxe5
Bxe5 28. Rd5 Rd8 29. Qd3 Rxd5 30. Bxd5 Kg7 31. e4 f6 32. Qe3 Qe7 33. Bc4 Bc7
34. Bd5 Bd6 35. Qd2 Qe5 36. Qd3 Bc7 37. Qe3 g5 38. Bc4 h4 39. f4 gxf4 40. gxf4
Qxf4 41. Qxf4 Bxf4 42. b4 Be5 43. bxa5 bxa5 44. a4 Bxc3 45. Kf2 Kf8 46. Kf3 Ke7
47. Kg4 Be1 48. Kf5 Bg3 49. Bd5 Be5 50. Kg4 Kd6 51. Bc4 Bg3 52. Kf5 Bf2 53.
Kxf6 Bg3 54. Bd5 1/2-1/2

[Event "Frankfurt Ch 2009"]
[Site "Ffm-Kalbach, LAZ"]
[Date "2009.06.22"]
[Round "6.27"]
[White "Benikhis, Avram"]
[Black "Barten, Stephan"]
[Result "1/2-1/2"]
[WhiteElo "1762"]
[BlackElo "1987"]
[PlyCount "100"]
[EventDate "2009.??.??"]
[WhiteTeam "SC Eschbach i. USI-Land"]
[BlackTeam "Sfr. Frankfurt 1921"]

1. e4 e5 2. Bc4 Nc6 3. Nf3 Bc5 4. c3 Nf6 5. d3 a6 6. b4 Ba7 7. a4 d6 8. h3 O-O
9. O-O Qe7 10. Be3 Be6 11. Na3 Bxe3 12. fxe3 Rad8 13. Qc2 d5 14. exd5 Bxd5 15.
Bxd5 Nxd5 16. Rae1 a5 17. b5 Qxa3 18. bxc6 bxc6 19. Nxe5 Qxc3 20. Qxc3 Nxc3 21.
d4 c5 22. Nc6 Rd6 23. Ne7+ Kh8 24. dxc5 Re6 25. Nf5 Nxa4 26. Nd4 Re5 27. Ra1
Nxc5 28. Rxa5 Nd3 29. Rxf7 Kg8 30. Rxf8+ Kxf8 31. Rxe5 Nxe5 32. Ne6+ Ke7 33.
Nxc7 Kd6 34. Ne8+ Kd5 35. Kf2 Ke4 36. Nxg7 Nd3+ 37. Ke2 Nc1+ 38. Kf2 Nd3+ 39.
Kg3 Kxe3 40. Nh5 Nc1 41. h4 Ne2+ 42. Kg4 Kf2 43. Nf6 h6 44. Ng8 h5+ 45. Kxh5
Kg3 46. Kg5 Nf4 47. Nf6 Ne6+ 48. Kf5 Kxh4 49. g4 Nd4+ 50. Kg6 Nf3 1/2-1/2